<?xml version="1.0" encoding="UTF-8"?><?xml-stylesheet type="text/xsl" href="static/style.xsl"?><OAI-PMH xmlns="http://www.openarchives.org/OAI/2.0/" xmlns:xsi="http://www.w3.org/2001/XMLSchema-instance" xsi:schemaLocation="http://www.openarchives.org/OAI/2.0/ http://www.openarchives.org/OAI/2.0/OAI-PMH.xsd"><responseDate>2026-06-02T00:42:06Z</responseDate><request verb="GetRecord" identifier="oai:riuma.uma.es:10630/26125" metadataPrefix="marc">https://riuma.uma.es/rest/oai/request</request><GetRecord><record><header><identifier>oai:riuma.uma.es:10630/26125</identifier><datestamp>2026-02-03T10:59:59Z</datestamp><setSpec>com_10630_2254</setSpec><setSpec>col_10630_37953</setSpec></header><metadata><record xmlns="http://www.loc.gov/MARC21/slim" xmlns:dcterms="http://purl.org/dc/terms/" xmlns:doc="http://www.lyncode.com/xoai" xmlns:xsi="http://www.w3.org/2001/XMLSchema-instance" xsi:schemaLocation="http://www.loc.gov/MARC21/slim http://www.loc.gov/standards/marcxml/schema/MARC21slim.xsd">
   <leader>00925njm 22002777a 4500</leader>
   <datafield ind2=" " ind1=" " tag="042">
      <subfield code="a">dc</subfield>
   </datafield>
   <datafield ind2=" " ind1=" " tag="720">
      <subfield code="a">Rodríguez-Huguet, Manuel</subfield>
      <subfield code="e">author</subfield>
   </datafield>
   <datafield ind2=" " ind1=" " tag="720">
      <subfield code="a">Góngora-Rodríguez, Jorge</subfield>
      <subfield code="e">author</subfield>
   </datafield>
   <datafield ind2=" " ind1=" " tag="720">
      <subfield code="a">Vinolo-Gil, Maria Jesus</subfield>
      <subfield code="e">author</subfield>
   </datafield>
   <datafield ind2=" " ind1=" " tag="720">
      <subfield code="a">Martín-Vega, Francisco-Javier</subfield>
      <subfield code="e">author</subfield>
   </datafield>
   <datafield ind2=" " ind1=" " tag="720">
      <subfield code="a">Martín-Valero, Rocío</subfield>
      <subfield code="e">author</subfield>
   </datafield>
   <datafield ind2=" " ind1=" " tag="720">
      <subfield code="a">Rodríguez-Almagro, Daniel</subfield>
      <subfield code="e">author</subfield>
   </datafield>
   <datafield ind2=" " ind1=" " tag="260">
      <subfield code="c">2022-04-02</subfield>
   </datafield>
   <datafield ind2=" " ind1=" " tag="520">
      <subfield code="a">Non-specific low back pain is defined as pain located in the lumbar region; this condition is the most frequent musculoskeletal disorder. Negative pulsed-pressure myofascial vacuum therapy (vacuum treatment (VT)) devices mobilize tissue according to previously programmed parameters of force, time and frequency. The purpose of this study was to compare the effects of VT combined with core therapeutic exercise versus a physical therapy program (PTP) based only on core therapeutic exercise. Fifty participants with chronic non-specific low back pain were randomly assigned to two treatment groups, the VT group (n = 25) or the PTP group (n = 25). Pain, pressure-pain threshold, range of motion, functionality and quality of life were measured before treatment, at the end of treatment, and at one-month and three-month follow-ups. Both groups received 15 therapy sessions over 5 weeks. Statistically significant differences in favor of the VT group were shown in the results. In conclusion, the intervention based on myofascial vacuum therapy improved pain, mobility, pressure pain threshold, functionality and quality of life.</subfield>
   </datafield>
   <datafield ind1="8" ind2=" " tag="024">
      <subfield code="a">Rodríguez-Huguet M, Góngora-Rodríguez J, Vinolo-Gil MJ, Martín-Vega FJ, Martín-Valero R, Rodríguez-Almagro D. Effectiveness of Negative Pulsed-Pressure Myofascial Vacuum Therapy and Therapeutic Exercise in Chronic Non-Specific Low Back Pain: A Single-Blind Randomized Controlled Trial. Journal of Clinical Medicine. 2022; 11(7):1984. https://doi.org/10.3390/jcm11071984</subfield>
   </datafield>
   <datafield ind1="8" ind2=" " tag="024">
      <subfield code="a">https://hdl.handle.net/10630/26125</subfield>
   </datafield>
   <datafield ind1="8" ind2=" " tag="024">
      <subfield code="a">https://doi.org/10.3390/jcm11071984</subfield>
   </datafield>
   <datafield tag="653" ind2=" " ind1=" ">
      <subfield code="a">Fisioterapia</subfield>
   </datafield>
   <datafield ind2="0" ind1="0" tag="245">
      <subfield code="a">Effectiveness of Negative Pulsed-Pressure Myofascial Vacuum Therapy and Therapeutic Exercise in Chronic Non-Specific Low Back Pain: A Single-Blind Randomized Controlled Trial</subfield>
   </datafield>
</record>
</metadata></record></GetRecord></OAI-PMH>